000 00343cam a22001217a 4500
008 180718b1961 xxu||||| |||| 00| 0 eng d
082 _aT19x73 M831
100 _aMorris, Burce R.
245 _aProblems of American economic growth
_cby Burce R. Morris
260 _aNew York
_bOUP
_c1961
300 _a279p.
650 _aUSA - Economic Conditions
999 _c374403
_d374403